000 01175nam a2200289 a 4500
001 BRCA_8359
005 20190320210240.0
008 230714s1534----sz-####f##---#001-0#lat-#
041 _alat
044 _asz
050 4 _aD51
_b.P57
_c1534
100 1 _aPhrygione, Paulo Constantino
_920935
245 1 0 _aChronicum Regum
_bregnorumque omnium catalogum et perpe tuum ab exordio mundi temporum, seculorum css seriem complectens, ex optimis quibusch Hebraeis, Graecis & Latinus autoribus congestum
_cPaulo Constantino Phrygione autore.
260 _aBasilea Suiza
_bApud Iohan Hervag
_c1534
300 _a516 p.
_bil.
_c33 cm
500 _aEjemplar resguardado en Caja Fuerte
500 _aEn lomo: Constantino. PAULO C: PHRYGIONE CRONICUM. BASIL 1534
500 _aEdicion forrada en pergamino con cantos marmoleados
500 _aIncluye índice alfabético de autores de crónicas
500 _aR-88
500 _aCon Ex-libris de: Franz Mayer
506 0 _aFondo reservado: para su consulta es necesario credencial de usuario y carta de motivos
650 1 4 _aCrónicas de reyes
_920936
650 1 4 _aLínea de tiempo
_920937
902 _aLAR
942 _2lcc
_cB
999 _c8027
_d8027